| 000 | 00762cac a2200205 4500 | ||
|---|---|---|---|
| 008 | 090423t20062006sp 000 0 spa u | ||
| 020 | _a8497728963 | ||
| 035 | _aa480963 | ||
| 050 | 0 | 4 |
_aKKT640 _bM64 2006 |
| 100 | 1 | _aMohino Manrique, Ana | |
| 245 | 1 | 0 |
_aPactos en el contrato de compraventa en interés del vendedor / _cAna Mohino Manrique. |
| 250 | _a1a ed. | ||
| 260 |
_aMadrid, España : _bDYKINSON, _c2006 |
||
| 300 |
_a414 páginas ; _c21 cm. |
||
| 440 | 0 |
_aMonografías de derecho romano, _nDerecho Público y Privado Romano, _vNo.18. |
|
| 504 | _aBibliografía : páginas 389-414 | ||
| 650 | 7 |
_aPropiedad _zEspaña _2lemb |
|
| 650 | 7 |
_aCompraventa de bienes raices _zEspaña _2Lemb |
|
| 650 | 7 |
_aVentas _xContratos y especificaciones _zEspaña _2Lemb |
|
| 942 |
_2lcc _cLIB |
||
| 999 |
_c147485 _d147483 |
||